Nông nghiệp bền vững: Cơ sở và ứng dụng
محفوظ في:
| المؤلف الرئيسي: | |
|---|---|
| التنسيق: | كتاب |
| اللغة: | Undetermined |
| منشور في: |
Thanh hoá
Viện Nghiên cứu và phổ biến kiến thức Bách khoa
2002
|
| الموضوعات: | |
| الوسوم: |
إضافة وسم
لا توجد وسوم, كن أول من يضع وسما على هذه التسجيلة!
|
| Thư viện lưu trữ: | Trung tâm Học liệu Trường Đại học Cần Thơ |
|---|
| LEADER | 00659nam a2200205Ia 4500 | ||
|---|---|---|---|
| 001 | CTU_55547 | ||
| 008 | 210402s9999 xx 000 0 und d | ||
| 020 | |b 25000 | ||
| 082 | |a 630.257755 | ||
| 082 | |b M121 | ||
| 100 | |a Nguyễn Văn Mấn | ||
| 245 | 0 | |a Nông nghiệp bền vững: Cơ sở và ứng dụng | |
| 245 | 0 | |c Nguyễn Văn Mấn, Trịnh Văn Thịnh | |
| 260 | |a Thanh hoá | ||
| 260 | |b Viện Nghiên cứu và phổ biến kiến thức Bách khoa | ||
| 260 | |c 2002 | ||
| 650 | |a agriculture | ||
| 650 | |x ecology | ||
| 904 | |i Minh | ||
| 980 | |a Trung tâm Học liệu Trường Đại học Cần Thơ | ||